| 000 | 00356nam a22001457a 4500 | ||
|---|---|---|---|
| 003 | macl | ||
| 005 | 20170831120447.0 | ||
| 008 | 170831b xxu||||| |||| 00| 0 eng d | ||
| 040 | _cmacl | ||
| 100 |
_aSharma,Dheeraj _968923 |
||
| 245 | _aLeadership Lessons From The Military | ||
| 260 |
_aDelhi _bSage _c2014 |
||
| 650 |
_aMilitary _968924 |
||
| 942 |
_2ddc _cBK |
||
| 999 |
_c56945 _d56945 |
||